Antropología en perspectiva teológica

Salvato in:
Dettagli Bibliografici
Autore principale: Pannenberg, Wolfhart (autor)
Natura: Libro
Lingua:spagnolo
Pubblicazione: Salamanca Ediciones Sígueme 1993
Edizione:1a. ed
Serie:Verdad e Imagen, 127
Soggetti:
Tags: Aggiungi Tag
Nessun Tag, puoi essere il primo ad aggiungerne!!

MARC

LEADER 00000cam a2200000 a 4500
001 UCE7606
003 CL-VaPUC
008 150626e19930000sp |||||||||||||||||spa|d
020 |a 8430112154 
082 0 4 |a 128  |b PAN  |2 21 
100 |a Pannenberg, Wolfhart  |e autor  |9 580280 
245 1 0 |a Antropología en perspectiva teológica 
250 |a 1a. ed 
300 |a 705 p 
942 |c BK 
945 |d 20150626 15:30:00  |a gsalatino 
260 |a Salamanca  |b Ediciones Sígueme  |c 1993 
650 0 |a Antropología teológica  |9 464224 
650 0 |a Naturaleza humana   |9 308593 
583 |a last modification  |c 20150626 15:30:00  |k Rodrigo Vera 
490 0 |a Verdad e Imagen, 127 
999 |c 359661  |d 359659 
952 |0 0  |1 0  |3 erb  |4 0  |6 128_000000000000000_PAN_1993  |7 0  |8 A  |9 469055  |a BIBTEO  |b BIBTEO  |e Casale Rolle, Carlos Ignacio, -2014  |i 5181577  |l 1  |o 128 PAN 1993  |p 5181577  |r 2025-01-17  |s 2022-07-12  |w 2019-11-23  |y BK  |z Catalogado en:20150626  |k ICR